| 000 | 00651nam a2200205 a 4500 | ||
|---|---|---|---|
| 005 | 20210219152846.0 | ||
| 008 | 991125n 000 0 spa u | ||
| 035 | _aUPN01000063567 | ||
| 100 | 1 |
_aPallán Figueroa, Carlos, _d1946- |
|
| 222 | _aREVISTA DE LA EDUCACION SUPERIOR | ||
| 245 | _aAlgunas reflexiones sobre los modelos de planeación para el desarrollo de la educación superior en América Latina | ||
| 260 | _aMéxico | ||
| 300 | _a7-22 | ||
| 362 | 0 | _a1993 Vol. 22, no. 1 (85), ene.-mar. | |
| 653 | 0 | _aAMERICA LATINA | |
| 653 | 0 | _aEDUCACION SUPERIOR | |
| 653 | 0 | _aPLANEACION EDUCATIVA | |
| 904 |
_aAC _b001378 |
||
| 905 | _aArticulo | ||
| 999 |
_c62193 _d62193 |
||